书目信息 |
| 题名: |
分子光学
|
|
| 作者: | 伏尔坚斯坦 著 ;王鼎昌 译 | |
| 分册: | ||
| 出版信息: | 北京 高等教育出版社 1958 |
|
| 页数: | 363页 | |
| 开本: | 20cm | |
| 丛书名: | ||
| 单 册: | ||
| 中图分类: | O43 | |
| 科图分类: | ||
| 主题词: | 光学 | |
| 电子资源: | ||
| ISBN: | ||
| 000 | 00611nam0 2200205 450 | |
| 001 | 0658230588 | |
| 005 | 20060323161339.96 | |
| 010 | @dCNY1.30 | |
| 100 | @a20060323d1958 km y0chiy0120 ea | |
| 101 | 0 | @achi |
| 102 | @aCN@b110000 | |
| 200 | 1 | @a分子光学@Afen zi guang xue@f(苏)М·В·伏尔坚斯坦著@F(su)М·В·fu er jian si tan zhu@g王鼎昌译@Gwang ding chang yi |
| 210 | @a北京@c高等教育出版社@d1958 | |
| 215 | 1 | @a363页@d20cm |
| 606 | 0 | @a光学 |
| 690 | @aO43@v4 | |
| 701 | 0 | @a伏尔坚斯坦@Afu er jian si tan@4著 |
| 702 | 0 | @a王鼎昌@Awang ding chang@4译 |
| 801 | 0 | @aCN@bPFT@c20060323 |
| 905 | @a10447@dO43@e10 | |
| 分子光学/(苏)М·В·伏尔坚斯坦著/王鼎昌译.-北京:高等教育出版社,1958 |
| 363页;20cm |
| ISBN :CNY1.30 |
| ● |
| 相关链接 |
|
|
|
|
正题名:分子光学
索取号:O43/10
 
预约/预借
| 序号 | 登录号 | 条形码 | 馆藏地/架位号 | 状态 | 备注 |
| 1 | 0016144 | 001462492 | 密集书库/ [索取号:O43/10] | 在馆 |